00941nam a2200217Ia 450000500170000000800410001702000180005804000700007604100080014610000220015424501810017626000650035730000300042265000330045265000400048565000280052565000200055370000290057370000390060271000820064120211105120531.0130821s2007 ck a gr spa  a9789587101744 aCo-BoUCMbspacLuz Cupitra (modificó)dLuz Cupitra (modificó)00aspa1 aYepes, Gustavo A.10aResponsabilidad social empresarial fundamentos y aplicación en las organizaciones de hoycGustavo A. Yepes López, Wilmar Peña Collazos, Luis Fernando Sánchez Maldonado aBogotá (Colombia)bUniversidad Externado de Colombiac2007 a248 páginasbgráficas04aAdministración de empresas04aAdministraciónvAspectos sociales04aÉtica de los negocios04aJusticia social1 aPeña Collazos, William1 aSánchez Maldonado, Luis Fernando1 aUniversidad Externado de Colombia.bFacultad de Administración de Empresas